Những người khốn khổ

Spremljeno u:
Bibliografski detalji
Glavni autor: Vichto Huygô
Format: Knjiga
Oznake: Dodaj oznaku
Bez oznaka, Budi prvi tko označuje ovaj zapis!
Thư viện lưu trữ: Mạng thư viện Đại học Đà Nẵng
LEADER 00807nam a2200253 4500
001 000004458
003 597
005 20150812140858.0
008 110720s sd
041 0 |a 3.000đ 
082 1 |a 843  |b HUY 
100 0 |a Vichto Huygô 
245 0 0 |a Những người khốn khổ  |c Vichto Huygô 
774 |a Vichto Huygô  |b In lần thứ 5  |d H.  |d Văn học  |d 1987  |g Tập 2  |h 507 tr  |w 601 
774 |a Vichto Huygô  |b In lần thứ 5  |d H.  |d Văn học  |d 1987  |g Tập 3  |h 531 tr  |w 602 
774 |a Vichto Huygô  |b In lần thứ 5  |d H.  |d Văn học  |d 1987  |g Tập 4  |h 547 tr  |w 603 
OWN |a LSP 
999 |a From the UDN01 
TYP |a Monograph 
TYP |a Printed language 
980 |a Mạng thư viện Đại học Đà Nẵng